Optimalizácia základu dane v spoločnosti Scorp, s.r.o Michalovce bakalárska práca

Salvato in:
Dettagli Bibliografici
Autore principale: Slepáková, Miroslava
Ente Autore: Podnikovohospodárska fakulta EU so sídlom v Košiciach. Katedra účtovníctva a financií
Altri autori: Kotulič, Václav
Natura: Libro
Lingua:slovacco
Pubblicazione: Košice 2010
Tags: Aggiungi Tag
Nessun Tag, puoi essere il primo ad aggiungerne!!

MARC

LEADER 00000nbm a2200000 4500
001 0132842
005 20161109111447.3
041 0 |a slo 
044 |a SK 
245 1 0 |a Optimalizácia základu dane v spoločnosti Scorp, s.r.o Michalovce  |b bakalárska práca  |c Miroslava Slepáková ; školiteľ: Václav Kotulič 
264 1 |a Košice  |c 2010 
300 |a 42 s. 
100 1 |a Slepáková, Miroslava 
700 1 |a Kotulič, Václav 
710 2 |a Podnikovohospodárska fakulta EU so sídlom v Košiciach. Katedra účtovníctva a financií